The History of Azerbaijan With Flags - Statistics

General Stats
  • This quiz has been taken 35 times
  • The average score is 14 of 21
Answer Stats
Picture Hint Answer % Correct
1991 - now Azerbaijan
100%
1918 - 1918 Azerbaijan Democratic Republic
92%
1918 - 1920 Azerbaijan Democratic Republic
92%
1920 - 1921 Azerbaijan SSR
92%
1921 - 1922 Azerbaijan SSR
92%
1936 - 1991 Azerbaijan SSR
92%
1501 - 1524 Safavid Empire
71%
1524 - 1576 Safavid Empire
71%
1576 - 1736 Safavid Empire
71%
1378 - 1509 Aq Qoyunlu
67%
1374 - 1468 Qara Qoyunlu
67%
1785 - 1797 Qajar Empire
58%
1797 - 1848 Qajar Empire
58%
1848 - 1852 Qajar Empire
58%
1852 - 1907 Qajar Empire
58%
1907 - 1925 Qajar Empire
58%
1918 - 1918 Transcaucasia
54%
1922 - 1936 Transcaucasian SSR
54%
1736 - 1747 Afsharid Empire
50%
1747 - 1796 Afsharid Empire
50%
1136 - 1225 Eldiguzids
29%
No matching quizzes found
Score Distribution
Percent of People with Each Score
Percentile by Number Answered
Your Score History
You have not taken this quiz